| 000 | 00822nas a2200253Ia 4500 | ||
|---|---|---|---|
| 001 | R016/42642 | ||
| 003 | IT-RoPAU | ||
| 008 | 151124c99999999xx |||||||||||| ||und|| | ||
| 040 | _aIT-RoPAU | ||
| 040 | _cIT-RoPAU | ||
| 041 | _aITALIANO | ||
| 100 |
_aCappabianca Alessandro _gCodice Aut. SPICS: 8481 |
||
| 210 | _aFICTION | ||
| 222 | _aFiction | ||
| 245 |
_aFICTION, ANNO 01-N.01 (ESTATE 1977) _b3 Pratiche di Scollamento |
||
| 250 | _a1a ed. | ||
| 260 |
_aROMA _bFICTION _c1977 |
||
| 501 |
_bPaulus - SPICS - Società San Paolo EM (non-commercial uses only) _cCopyright2015 |
||
| 300 | _a18 p. [23-40] | ||
| 362 | _aANNO 001, N.01 (ESTATE 1977) | ||
| 500 | _aSpettri. Flagranza e Vuoti del Discorso. Melodramma. Comico. Fotografia. Foto di Nudi. | ||
| 650 |
_aCINEMA _vPUBBLICAZIONE PERIODICA |
||
| 942 | _cCR | ||
| 999 |
_c109239 _d109239 |
||